Football by Letter - L - Statistics

General Stats
  • This quiz has been taken 71 times
    54 since last reset
  • The average score is 12 of 20
Answer Stats
Hint Answer % Correct
Won the Bundesliga 2023/24 unbeaten Bayer 04 Leverkusen
96%
Premier League winner 20215/16 Leicester City
96%
FC Bayern Munich captain from 2011 to 2017 Philipp Lahm
94%
Nationality of George Weah Liberia
92%
7 Premier League clubs play in this city London
92%
20-time Premier League winner Liverpool FC
88%
Holds the Bundesliga record for the most goals scored in a single season Robert Lewandowski
88%
FC Chelsea's record goal scorer Frank Lampard
84%
German national coach from 2006 to 2021 Joachim Low
82%
Changed his nationality from French to Spanish and won the European Championship in 2024 Aymeric Laporte
74%
Finland's record player Jari Litmanen
56%
First player to score a hat-trick in a Europa League final Ademola Lookman
42%
Most goals scored in a single European Championship qualifier Romelu Lukaku
36%
Goalkeeper with the most World Cup appearances in history Hugo Lloris
32%
Top scorer at the 1986 World Cup Gary Lineker
30%
Ligue 1 top scorer 2014/15 Alexandre Lacazette
26%
Puskas Award winner 2021 Erik Lamela
24%
Serie A Player of the Year 2021/22 Rafael Leao
24%
Oldest player to appear in a European Championship final Jens Lehmann
22%
European Golden Boot Winner 2000/01 Henrik Larsson
10%
No matching quizzes found
Score Distribution
Percent of People with Each Score
Percentile by Number Answered
Your Score History
You have not taken this quiz since the last reset